[Event "Rochefort op 23rd"]
[Site "Rochefort"]
[Date "2025.02.26"]
[Round "7"]
[White "Lucas, Arthur"]
[Black "Mullon, Jean Baptiste"]
[Result "1-0"]
[WhiteElo "2320"]
[BlackElo "2283"]
[PlyCount "67"]
[EventDate "2025.02.22"]
[EventType "swiss"]
[EventRounds "9"]
[EventCountry "FRA"]
[SourceTitle "CB10_2025"]
[SourceDate "2025.03.05"]
[SourceVersion "1"]
[SourceVersionDate "2025.03.05"]
[SourceQuality "1"]

1. e4 e6 2. d4 d5 3. Nc3 Nf6 4. e5 Nfd7 5. f4 c5 6. dxc5 Bxc5 7. a3 a6 8. b4 Be7 9. Bd3 a5 10. b5 Nc5 11. Nf3 Nxd3+ 12. cxd3 0-0 13. Be3 f6 14. Na4 fxe5 15. fxe5 d4 16. Nxd4 Bh4+ 17. Kd2 Bg5 18. Qg4 Rf2+ 19. Ne2 Bxe3+ 20. Kxe3 Rf5 21. d4 Bd7 22. Nc5 Qe7 23. Rhf1 Rxf1 24. Rxf1 b6 25. Ne4 Bxb5 26. Nf6+ Kh8 27. Qe4 gxf6 28. Qxa8 Qxa3+ 29. Kf2 Qf8 30. exf6 Qxf6+ 31. Kg1 Qd8 32. Qe4 Qe8 33. Qe5+ Kg8 34. Rf3 1-0

[Event "Rochefort op 23rd"]
[Site "Rochefort"]
[Date "2025.02.23"]
[Round "3"]
[White "Jackson, Thomas"]
[Black "Mullon, Jean Baptiste"]
[Result "1-0"]
[WhiteElo "2161"]
[BlackElo "2283"]
[PlyCount "102"]
[EventDate "2025.02.22"]
[EventType "swiss"]
[EventRounds "9"]
[EventCountry "FRA"]
[SourceTitle "CB10_2025"]
[SourceDate "2025.03.05"]
[SourceVersion "1"]
[SourceVersionDate "2025.03.05"]
[SourceQuality "1"]

1. e4 c5 2. Nf3 e6 3. d4 cxd4 4. Nxd4 Nf6 5. Nc3 Nc6 6. Ndb5 Bc5 7. Bf4 0-0 8. Bc7 Qe7 9. Bd6 Bxd6 10. Qxd6 Qd8 11. Qg3 d5 12. 0-0-0 a6 13. exd5 axb5 14. dxc6 Qb6 15. Bxb5 bxc6 16. Rd6 Bb7 17. Bc4 Qc5 18. Bb3 Nh5 19. Qd3 Qg5+ 20. Qe3 Qxg2 21. Rhd1 Nf6 22. f4 c5 23. f5 Ng4 24. Qxc5 exf5 25. h3 Nf2 26. R6d2 Nxd1 27. Rxg2 Nxc3 28. Rxg7+ Kxg7 29. Qxc3+ Kg6 30. Qg3+ Kf6 31. Qd6+ Kg7 32. Qe5+ Kg6 33. a4 Be4 34. a5 Rfe8 35. Qg3+ Kf6 36. Qc7 Rac8 37. Qd6+ Kg5 38. Qg3+ Kf6 39. h4 Red8 40. a6 h6 41. Qf4 Kg6 42. h5+ Kg7 43. Qe5+ Kh7 44. Qe7 Rg8 45. Kd2 Rg7 46. a7 f6 47. Qxf6 Rg2+ 48. Ke3 Rg3+ 49. Kd4 Rg4 50. Be6 Bxc2+ 51. Ke5 Re8 1-0

[Event "Montagne Rapid op 3rd"]
[Site "Montagne"]
[Date "2022.08.28"]
[Round "4"]
[White "Mullon, Jean Baptiste"]
[Black "Moussard, Jules"]
[Result "1-0"]
[WhiteElo "2344"]
[BlackElo "2670"]
[PlyCount "149"]
[EventDate "2022.08.28"]
[EventType "swiss (rapid)"]
[EventRounds "9"]
[EventCountry "FRA"]
[SourceTitle "CBM 210 Extra"]
[Source "ChessBase"]
[SourceDate "2022.11.30"]
[SourceVersion "1"]
[SourceVersionDate "2022.11.30"]
[SourceQuality "1"]

1. e4 c5 2. Nf3 d6 3. d4 cxd4 4. Nxd4 Nf6 5. Nc3 a6 6. Bg5 Nbd7 7. Qd2 e6 8. f3 h6 9. Be3 b5 10. 0-0-0 Bb7 11. Kb1 Nb6 12. a3 Rc8 13. h4 Nfd7 14. Nb3 Ne5 15. Na5 Ba8 16. f4 Ng4 17. Bd4 h5 18. e5 d5 19. f5 Be7 20. Qf4 exf5 21. Qxf5 Rh6 22. Be2 Qd7 23. Qf4 Qe6 24. Rhf1 Nc4 25. Nxc4 dxc4 26. Ne4 Bxe4 27. Qxe4 Bxh4 28. Rf5 g6 29. Rf3 Be7 30. Rh3 f5 31. Qb7 Qc6 32. Bf3 Qxb7 33. Bxb7 Rd8 34. Rhh1 g5 35. Rhe1 Re6 36. Bc3 Rxd1+ 37. Rxd1 Bc5 38. Bc8 Rb6 39. Bxf5 Ne3 40. Bd7+ Ke7 41. Rd2 b4 42. axb4 Bxb4 43. Bxb4+ Rxb4 44. Bc6 c3 45. Rd7+ Ke6 46. b3 h4 47. Rd3 Nf1 48. Rxc3 Kxe5 49. Kb2 Kf4 50. Rf3+ Kg4 51. Rxf1 Kg3 52. c4 g4 53. Rf6 Rb6 54. Rd6 a5 55. c5 Rb4 56. Kc3 h3 57. gxh3 gxh3 58. Rg6+ Kh2 59. Bd5 Rb5 60. Kc4 Rb4+ 61. Kc3 Rb5 62. Rc6 Kg3 63. Bc4 Rb8 64. Rg6+ Kh2 65. c6 Rc8 66. Bd5 Rd8 67. Kc4 a4 68. bxa4 Ra8 69. Rh6 Rxa4+ 70. Kc5 Ra7 71. Kb6 Ra1 72. Be6 Rb1+ 73. Kc7 Kg3 74. Rxh3+ Kf4 75. Rh5 1-0

[Event "Montagne Rapid op 2nd"]
[Site "Montagne"]
[Date "2021.08.22"]
[Round "6"]
[White "Mullon, Jean Baptiste"]
[Black "Garrido, Denis"]
[Result "0-1"]
[WhiteElo "2357"]
[BlackElo "2205"]
[PlyCount "110"]
[EventDate "2021.08.22"]
[EventType "swiss (rapid)"]
[EventRounds "9"]
[EventCountry "FRA"]
[SourceTitle "CBM 203 Extra"]
[Source "ChessBase"]
[SourceDate "2021.09.30"]
[SourceVersion "1"]
[SourceVersionDate "2021.09.30"]
[SourceQuality "1"]

1. e4 c6 2. Nc3 d5 3. Nf3 Nf6 4. e5 Ne4 5. Ne2 Bf5 6. d3 Nc5 7. Ng3 e6 8. Nxf5 exf5 9. b4 Ne6 10. c3 d4 11. Bd2 dxc3 12. Bxc3 Nd7 13. Be2 Nb6 14. 0-0 g5 15. Re1 g4 16. Nd2 Nd5 17. Bb2 Bxb4 18. Rb1 Bxd2 19. Qxd2 Ndf4 20. Bf1 Qd5 21. Qb4 Rg8 22. Re3 b6 23. Ba3 c5 24. Qb5+ Kf8 25. Bc1 Rd8 26. Qa6 Qa8 27. a4 Nc7 28. Qc4 Rd4 29. Qa2 Nfe6 30. a5 b5 31. a6 Qc6 32. Bb2 Ra4 33. Qb3 Rb4 34. Qa2 Nd5 35. Ree1 Ndf4 36. Re3 Rg6 37. Bc1 Rxb1 38. Qxb1 Nd4 39. Qa2 Qxa6 40. Qb2 Qc6 41. Rg3 Nfe6 42. Re3 h5 43. Bd2 b4 44. Qa1 Qb7 45. Qb1 h4 46. Be1 a5 47. Qa2 Qa8 48. Qc4 a4 49. Bd2 a3 50. Re1 h3 51. Ra1 hxg2 52. Bxg2 Nf3+ 53. Kh1 Nxd2 54. Bxa8 Nxc4 55. dxc4 Nd4 0-1

[Event "Paleochora op 14th"]
[Site "Paleochora"]
[Date "2021.07.27"]
[Round "6"]
[White "Mullon, Jean Baptiste"]
[Black "Enchev, Ivajlo"]
[Result "0-1"]
[WhiteElo "2357"]
[BlackElo "2483"]
[PlyCount "78"]
[EventDate "2021.07.23"]
[EventType "swiss"]
[EventRounds "9"]
[EventCountry "GRE"]
[SourceTitle "EXT 2022"]
[Source "ChessBase"]
[SourceDate "2021.10.06"]
[SourceVersion "1"]
[SourceVersionDate "2021.10.06"]
[SourceQuality "1"]

1. e4 e5 2. Nf3 Nc6 3. Bb5 a6 4. Ba4 d6 5. 0-0 Bd7 6. c3 g6 7. d4 Bg7 8. Bg5 f6 9. Be3 Nh6 10. h3 Nf7 11. c4 b5 12. cxb5 Nxd4 13. Bxd4 axb5 14. Bb3 exd4 15. Nxd4 Qe7 16. Nc3 c6 17. a4 bxa4 18. Rxa4 0-0 19. Qa1 Rxa4 20. Qxa4 Rc8 21. Qa7 Qe8 22. Ra1 Rb8 23. Bxf7+ Kxf7 24. Nxc6 Rxb2 25. Na5 Rc2 26. Nb7 Qe5 27. Nb5 Ke7 28. N5xd6 Qb2 29. Qa8 Qb6 30. Rf1 Bf8 31. e5 fxe5 32. Qa3 Ke6 33. Qf3 Bxd6 34. Nxd6 Bc6 35. Ne4 Bxe4 36. Qxe4 Qc6 37. Qg4+ Kf7 38. Qh4 h5 39. Qg3 Qc7 0-1

[Event "Avoine op 34th"]
[Site "Avoine"]
[Date "2019.07.25"]
[Round "6"]
[White "Mullon, Jean Baptiste"]
[Black "Eden, James"]
[Result "1-0"]
[WhiteElo "2378"]
[BlackElo "2343"]
[PlyCount "138"]
[EventDate "2019.07.20"]
[EventType "swiss"]
[EventRounds "9"]
[EventCountry "FRA"]
[SourceTitle "CBM 191 Extra"]
[Source "ChessBase"]
[SourceDate "2019.09.30"]
[SourceVersion "1"]
[SourceVersionDate "2019.09.30"]
[SourceQuality "1"]

1. e4 e5 2. Nf3 Nc6 3. Bb5 Nf6 4. d3 d6 5. c3 g6 6. 0-0 Bg7 7. Re1 Bd7 8. d4 0-0 9. d5 Ne7 10. c4 Bc8 11. c5 Nh5 12. cxd6 cxd6 13. Nc3 f5 14. Ng5 h6 15. Ne6 Bxe6 16. dxe6 fxe4 17. Bd7 Nf5 18. Nxe4 Qe7 19. Qd5 Kh7 20. Be3 Nf6 21. Nxf6+ Qxf6 22. f3 h5 23. Bf2 Bh6 24. Rad1 h4 25. e7 Qxe7 26. Bxf5 Rxf5 27. Qxd6 Re8 28. Qxe7+ Rxe7 29. Bxh4 Rc7 30. Re2 Bg7 31. Bd8 Rcf7 32. Bh4 e4 33. Rxe4 Bxb2 34. Bf2 b6 35. Rd2 Bg7 36. Rh4+ Kg8 37. Rg4 Kh7 38. h4 b5 39. Rd6 R5f6 40. Rxf6 Bxf6 41. Rf4 Kg7 42. Bd4 Bxd4+ 43. Rxd4 a5 44. Kf2 Rb7 45. Ke3 b4 46. Kd3 a4 47. Kc2 Re7 48. Rxb4 Re2+ 49. Kb1 a3 50. Ra4 Rb2+ 51. Ka1 Rxg2 52. Rxa3 Rh2 53. Ra4 Kf6 54. Rf4+ Ke5 55. Rg4 Rh3 56. Rxg6 Rxh4 57. Rb6 Rh2 58. Rb2 Rh1+ 59. Rb1 Rh2 60. Rd1 Rf2 61. Rd3 Rh2 62. Kb1 Ke6 63. a4 Rh4 64. Ra3 Kd6 65. Kc2 Kc5 66. Kd3 Kb4 67. Ra1 Ka5 68. Ke3 Rh8 69. f4 Re8+ 1-0

[Event "Avoine op 34th"]
[Site "Avoine"]
[Date "2019.07.23"]
[Round "4"]
[White "Mullon, Jean Baptiste"]
[Black "Iglesias, Yosha"]
[Result "1-0"]
[WhiteElo "2378"]
[BlackElo "2258"]
[PlyCount "51"]
[EventDate "2019.07.20"]
[EventType "swiss"]
[EventRounds "9"]
[EventCountry "FRA"]
[SourceTitle "CBM 191 Extra"]
[Source "ChessBase"]
[SourceDate "2019.09.30"]
[SourceVersion "1"]
[SourceVersionDate "2019.09.30"]
[SourceQuality "1"]

1. e4 g6 2. d4 d6 3. Nc3 c6 4. Nf3 Nf6 5. Be3 Bg7 6. Qd2 Qa5 7. h3 Nbd7 8. Bd3 0-0 9. 0-0 Qc7 10. Ne2 b6 11. Ng3 e6 12. Rfe1 c5 13. c3 Re8 14. Bh6 Bh8 15. Qg5 e5 16. Qh4 exd4 17. cxd4 cxd4 18. Rac1 Nc5 19. b4 Nfd7 20. bxc5 bxc5 21. Bf4 Ne5 22. Bxe5 Bxe5 23. Ng5 h5 24. Bc4 Bf6 25. Qf4 Bxg5 26. Qxg5 1-0

[Event "Rilton Cup 48th"]
[Site "Stockholm"]
[Date "2019.01.03"]
[Round "7"]
[White "Risting, Eivind Olav"]
[Black "Mullon, Jean Baptiste"]
[Result "1/2-1/2"]
[WhiteElo "2281"]
[BlackElo "2387"]
[PlyCount "97"]
[EventDate "2018.12.27"]
[EventType "swiss"]
[EventRounds "9"]
[EventCountry "SWE"]
[SourceTitle "CBM 188 Extra"]
[Source "ChessBase"]
[SourceDate "2019.02.28"]
[SourceVersion "1"]
[SourceVersionDate "2019.02.28"]
[SourceQuality "1"]

1. d4 e6 2. c4 Nf6 3. Nf3 d5 4. Nc3 c6 5. e3 Nbd7 6. Qc2 Bd6 7. Bd3 0-0 8. 0-0 dxc4 9. Bxc4 b5 10. Be2 Bb7 11. e4 e5 12. dxe5 Nxe5 13. Nh4 Re8 14. Nf5 Bf8 15. Bg5 b4 16. Nd1 h6 17. Bxf6 Qxf6 18. f4 Nd7 19. e5 Qd8 20. Kh1 Nb6 21. Nde3 Nd5 22. Nxd5 cxd5 23. Bb5 Qc8 24. Qd3 Bc6 25. Bxc6 Qxc6 26. Rac1 Qd7 27. Rfd1 Rac8 28. Rxc8 Qxc8 29. Ne3 d4 30. Qxd4 Bc5 31. Qd3 Bxe3 32. Qxe3 Qc4 33. b3 Qc2 34. Qd2 Rc8 35. h3 a5 36. Kh2 Kh7 37. Qd5 Qf5 38. Qd4 h5 39. Rd2 Rc3 40. Rf2 Rd3 41. Qb2 Qg6 42. Qe2 Qg3+ 43. Kg1 h4 44. e6 fxe6 45. Qh5+ Kg8 46. Qe8+ Kh7 47. Qh5+ Kg8 48. Qe8+ Kh7 49. Qh5+ 1/2-1/2

[Event "Barcelona Sants op-A18th"]
[Site "Barcelona"]
[Date "2016.08.21"]
[Round "3"]
[White "Ma, Qun"]
[Black "Mullon, Jean Baptiste"]
[Result "1-0"]
[WhiteElo "2621"]
[BlackElo "2412"]
[PlyCount "63"]
[EventDate "2016.08.19"]
[EventType "swiss"]
[EventRounds "10"]
[EventCountry "ESP"]
[SourceTitle "CBM 174 Extra"]
[Source "ChessBase"]
[SourceDate "2016.10.10"]
[SourceVersion "1"]
[SourceVersionDate "2016.10.10"]
[SourceQuality "1"]

1. e4 c5 2. Nf3 e6 3. d4 cxd4 4. Nxd4 a6 5. Bd3 Bc5 6. Nb3 Be7 7. Qg4 g6 8. Qe2 d6 9. a4 b6 10. Na3 Qc7 11. Nc4 Nd7 12. 0-0 Ngf6 13. Bh6 Ne5 14. Nxe5 dxe5 15. c4 Nd7 16. a5 g5 17. h4 gxh4 18. Qg4 Nf6 19. Qxh4 Ng8 20. Bg5 Bxg5 21. Qxg5 Ne7 22. axb6 Qxb6 23. Qxe5 Ng6 24. Qc3 Rg8 25. c5 Qc7 26. Rfe1 Rb8 27. Re3 Nf4 28. Bf1 e5 29. Nd2 Ne6 30. b4 Nd4 31. Nc4 Rg6 32. Rd1 1-0

[Event "Paleochora op 9th"]
[Site "Paleochora"]
[Date "2016.07.26"]
[Round "8"]
[White "Adrian, Claude"]
[Black "Mullon, Jean Baptiste"]
[Result "0-1"]
[WhiteElo "2193"]
[BlackElo "2405"]
[PlyCount "50"]
[EventDate "2016.07.20"]
[EventType "swiss"]
[EventRounds "9"]
[EventCountry "GRE"]
[SourceTitle "EXT 2017"]
[Source "ChessBase"]
[SourceDate "2016.10.25"]
[SourceVersion "1"]
[SourceVersionDate "2016.10.25"]
[SourceQuality "1"]

1. Nf3 b6 2. d4 Nf6 3. g3 Bb7 4. Bg2 c5 5. c4 cxd4 6. Qxd4 g6 7. 0-0 Bg7 8. Nc3 Nc6 9. Qh4 h6 10. Nd5 g5 11. Nxf6+ Bxf6 12. Qh5 Na5 13. Bd2 Nxc4 14. Bc3 Bxc3 15. bxc3 Bxf3 16. Bxf3 Rc8 17. Rad1 e6 18. Bb7 Rc7 19. Ba6 Qf6 20. f4 Ne3 21. fxg5 hxg5 22. Rxf6 Rxh5 23. Rd3 Ng4 24. Rf1 Nxh2 25. Rfd1 Ng4 0-1

[Event "Barcelona Sants op 17th"]
[Site "Barcelona"]
[Date "2015.08.30"]
[Round "10"]
[White "Narciso Dublan, Marc"]
[Black "Mullon, Jean Baptiste"]
[Result "1/2-1/2"]
[WhiteElo "2532"]
[BlackElo "2402"]
[PlyCount "129"]
[EventDate "2015.08.21"]
[EventType "swiss"]
[EventRounds "10"]
[EventCountry "ESP"]
[SourceTitle "EXT 2016"]
[Source "ChessBase"]
[SourceDate "2015.10.08"]
[SourceVersion "1"]
[SourceVersionDate "2015.10.08"]
[SourceQuality "1"]

1. e4 e6 2. f4 c5 3. Nf3 Nc6 4. Bb5 Nge7 5. 0-0 a6 6. Be2 d5 7. d3 b6 8. c3 g6 9. Na3 Bg7 10. e5 0-0 11. d4 cxd4 12. cxd4 Bb7 13. Nc2 Qd7 14. Be3 Na5 15. Bf2 Rfc8 16. g4 Bc6 17. Bh4 Bf8 18. Nfe1 Rc7 19. Rf3 Bb5 20. Nd3 Rac8 21. Na3 Ba4 22. b3 Nec6 23. Nc2 Bb5 24. Rb1 Na7 25. Rb2 Bxd3 26. Bxd3 Nb5 27. Rf1 Na3 28. Ne1 Nc6 29. Bxa6 Ra8 30. Bd3 Nxd4 31. Bf2 Ndb5 32. Bxb6 Rc6 33. Be3 Rac8 34. Nf3 d4 35. Bd2 Nc3 36. Qe1 Nd5 37. Ng5 Ne3 38. Qh4 h6 39. Ne4 Bg7 40. Nf6+ Bxf6 41. exf6 Qd8 42. Bb4 Nac2 43. Rxc2 Rxc2 44. Bxc2 Rxc2 45. Qxh6 Qxf6 46. Qf8+ Kh7 47. Be7 Qg7 48. Qd8 Nxg4 49. Rf3 Rc1+ 50. Kg2 Rc2+ 51. Kg1 Qh6 52. h3 Rc1+ 53. Kg2 Rc2+ 54. Kg1 Ne5 55. Rf2 Nc6 56. Qe8 Rc1+ 57. Kg2 Nxe7 58. Qxe7 Qg7 59. Rd2 d3 60. Qh4+ Kg8 61. Qd8+ Kh7 62. Qh4+ Kg8 63. Qd8+ Kh7 64. Qh4+ Kg8 65. Qd8+ 1/2-1/2

[Event "FRA-ch Accession"]
[Site "Nimes"]
[Date "2014.08.23"]
[Round "6"]
[White "Mirimanian, Hayk"]
[Black "Mullon, Jean Baptiste"]
[Result "1-0"]
[WhiteElo "2260"]
[BlackElo "2430"]
[PlyCount "95"]
[EventDate "2014.08.17"]
[EventType "swiss"]
[EventRounds "11"]
[EventCountry "FRA"]
[SourceTitle "CBM 162 Extra"]
[Source "ChessBase"]
[SourceDate "2014.10.17"]
[SourceVersion "1"]
[SourceVersionDate "2014.10.17"]
[SourceQuality "1"]

1. e4 c5 2. Nf3 e6 3. b3 a6 4. Bb2 Nc6 5. g3 d6 6. d4 cxd4 7. Nxd4 Bd7 8. Bg2 Nf6 9. 0-0 Be7 10. Re1 0-0 11. c4 Rc8 12. Nc3 Qa5 13. Nxc6 bxc6 14. e5 dxe5 15. Ne4 Rfd8 16. Bc3 Qc7 17. Nxf6+ Bxf6 18. c5 Qa7 19. b4 Be8 20. Qc2 Qb8 21. Bf1 a5 22. Rab1 axb4 23. Rxb4 Qa7 24. Rb6 Rd5 25. Bb4 Bd8 26. Ra6 Qb7 27. a3 f6 28. Qa4 Bg6 29. Ra7 Bc2 30. Rxb7 Bxa4 31. Bc4 Ra8 32. Bxd5 exd5 33. f4 e4 34. Ra1 h5 35. Kf2 Kh7 36. Bc3 Kg6 37. Ke3 Ba5 38. Bd4 Bc2 39. h3 Bd3 40. g4 Ba6 41. Re7 hxg4 42. hxg4 Bd8 43. f5+ Kh7 44. Re8 Kh6 45. Kf2 g6 46. Rh1+ Kg5 47. fxg6 Kxg6 48. Rhh8 1-0